Eteläisimmät valtiot A-Ö - Statistics

Yleistilastot
  • Tätä visaa on pelattu 1 445 kertaa
  • Keskiarvotulos 14 / 24
Vastaustilastot
Kirjain Valtio % Oikein
A Argentiina
95%
C Chile
89%
E Etelä-Afrikka
83%
Z Zimbabwe
76%
Q Qatar
75%
U Uusi-Seelanti
75%
B Brasilia
73%
F Fidži
67%
O Oman
67%
I Indonesia
64%
V Vanuatu
61%
L Lesotho
59%
N Namibia
55%
H Honduras
52%
J Jemen
52%
P Paraguay
50%
Y Yhdysvallat
49%
T Tonga
48%
D Djibouti
47%
S Swazimaa
44%
M Mosambik
43%
G Gabon
42%
K Kongon demokraattinen tasavalta
38%
R Ranska
32%
Ehtoja vastaavia visoja ei löytynyt
Tulosjakauma
Jokaisen tuloksen saaneiden osuus
Persentiili vastausten määrän mukaan
Tuloshistoriasi
Et ole pelannut tätä visaa